000 00350nam a2200145Ia 4500
003 Ost
005 20260225132554.0
008 260225s9999||||xx |||||||||||||| ||und||
040 _cfsic
041 _afre
082 _a440
245 0 _aLa Plume dans la plaie :
245 0 _bles écrivains journalistes et la guerre d'Algérie /
942 _cكتاب
999 _c34350
_d34350